| 000 | 00995nam a2200289 a 4500 | ||
|---|---|---|---|
| 003 | CO-ViMGA | ||
| 005 | 20230915233145.0 | ||
| 008 | 090130s2008 sp gr 0001f spa d | ||
| 020 | _a9788493592769 | ||
| 040 |
_aCO-ViMGA _bspa _cCO-ViMGA |
||
| 041 | 1 | _hpol | |
| 043 | _ae-po--- | ||
| 082 | 0 | 4 |
_a891.853 _bL35h _219 |
| 100 | 1 |
_aLem, Stanislaw, _d1921-2006. _95189 |
|
| 245 | 1 | 3 |
_aEl hospital de la transfiguración / _cStanislaw Lem ; traducción del polaco a cardo de Joanna Bardzinska ; introducción de Fernando Marías. |
| 250 | _a3a. ed. | ||
| 260 | 3 |
_aMadrid : _bImpedimenta, _c2008. |
|
| 300 |
_a328 p. ; _c20 cm. |
||
| 534 |
_pTítulo original : _tSzpital przemienienia. |
||
| 650 | 1 | 4 |
_aNovela polaca. _95775 |
| 650 | 6 |
_aEnfermedades mentales _v Novela. _95776 |
|
| 650 | 6 |
_aHospitales psiquiátricos _v Novela. _95777 |
|
| 650 | 6 |
_aLocura _v Novela. _93959 |
|
| 700 | 1 |
_aBardzinska, Joanna, _etr. _95778 |
|
| 700 | 1 |
_aMarías, Fernando, _d1949-. _95779 |
|
| 942 |
_2ddc _cBK |
||
| 999 |
_c36057 _d36057 |
||